Only U - Hamza - Statistiques

Statistiques générales
  • Ce quiz a été pris 37 fois
    31 depuis la dernière actualisation
  • Le résultat moyen est 252 sur 397
Statistiques - réponses
Réponse % Correct
on
100%
la
96%
96%
only
96%
you
96%
à
92%
a
92%
Dans
92%
dans
92%
de
92%
J'ai
92%
j'ai
92%
Jai
92%
tu
92%
ça
88%
d'coeur
88%
des
88%
j'vois
88%
mes
88%
Mes
88%
pas
88%
raison
88%
toi
88%
visions
88%
aucune
83%
Battements
83%
battements
83%
bout
83%
quand
83%
Quand
83%
sac
83%
s'accélèrent
83%
sans
83%
descends
79%
d'questions
79%
guerre
79%
je
79%
m'poser
79%
m'pousse
79%
noche
79%
s'fait
79%
tout
79%
et
75%
Et
75%
le
75%
ma
75%
passé
75%
plein
75%
que
75%
réponses
75%
du
71%
71%
pleins
71%
rien
71%
mat'
67%
Si
67%
est
63%
Il
63%
l'démon
63%
ne
63%
coeur
58%
j'pense
58%
oit'
58%
pour
58%
six
58%
tchop
58%
foncedé
54%
j'suis
54%
nous
54%
mais
50%
mon
50%
j'irai
46%
jusqu'au
46%
comme
42%
co-pilote
42%
tes
42%
t'es
42%
Bébé
38%
en
38%
fané
38%
j'sens
38%
les
38%
l'impression
38%
moi
38%
noires
38%
pourra
38%
séparer
38%
sur
38%
ta
38%
va
38%
veux
38%
yeux
38%
c'est
33%
Glock
33%
Goyard
33%
l'amour
33%
mal
33%
mentent
33%
n'ai
33%
ou
33%
parler
33%
rose
33%
sais
33%
allumer
29%
avec
29%
bien
29%
Car
29%
car
29%
entouré
29%
jamais
29%
j'ferais
29%
jouer
29%
l'allée
29%
réparer
29%
y'a
29%
banquette
25%
caisse
25%
gainée
25%
j'serai
25%
maison
25%
pression
25%
questions
25%
qui
25%
raisons
25%
s'étaler
25%
t'as
25%
chambre
21%
clip
21%
doggystyle
21%
extendo
21%
fuck
21%
juste
21%
j'veux
21%
pèse
21%
Prends
21%
ton
21%
vidé
21%
bitch
17%
coupé
17%
d'la
17%
heja
17%
J'me
17%
J'te
17%
main
17%
meler
17%
noie
17%
qu'je
17%
rempli
17%
seule
17%
toute
17%
veulent
17%
bad
13%
calée
13%
caution
13%
c'était
13%
Cette
13%
cette
13%
chaud
13%
couler
13%
Devant
13%
d'hôtel
13%
laisserai
13%
l'block
13%
même
13%
m'voir
13%
néant
13%
océan
13%
opps
13%
Temps
13%
tomber
13%
une
13%
Ciroc
8%
j'peux
8%
locked up
8%
petit
8%
woah
8%
d'doutes
4%
fois-ci
4%
m'louper
4%
Montes
4%
j'slow
0%
Aucun quiz correspondant
Distribution des résultats
% des personnes avec chaque résultat
Percentile par nombre de réponses
Votre historique - résultats
Vous n’avez pas pris ce quiz depuis la dernière actualisation